Vista normal
Vista MARC
Entrada Autor Personal
Número de registros utilizados en: 1
001 - CONTROL NUMBER
- control field: 6647
003 - CONTROL NUMBER IDENTIFIER
- control field: OSt
005 - DATE AND TIME OF LATEST TRANSACTION
- control field: 20251231175127.0
008 - FIXED-LENGTH DATA ELEMENTS
- fixed length control field: 251231|| aca||aabn | a|a d
040 ## - CATALOGING SOURCE
- Original cataloging agency: OSt
100 ## - HEADING--PERSONAL NAME
- Personal name: Dominique, Christian M.




